[Event "VI Obert Internacional Alberic"]
[Site "Alberic"]
[Date "2018.06.30"]
[Round "2.4"]
[White "Martinez Escandell, Alfonso"]
[Black "Fenollar Jorda, Manuel"]
[Result "0-1"]
[BlackElo "2352"]
[WhiteElo "1900"]
[LiveChessVersion "1.4.8"]

1. e4 {[%clk 0:07:04]} e5 {[%clk 0:07:01]} 2. Nf3 {[%clk 0:07:05]} Nc6
{[%clk 0:07:03]} 3. Bb5 {[%clk 0:06:59]} a6 {[%clk 0:07:05]} 4. Ba4
{[%clk 0:07:01]} Nf6 {[%clk 0:07:07]} 5. c3 {[%clk 0:07:01]} b5 {[%clk 0:07:09]}
6. Bc2 {[%clk 0:07:03]} Bc5 {[%clk 0:07:10]} 7. O-O {[%clk 0:07:04]} d6
{[%clk 0:07:10]} 8. d4 {[%clk 0:06:53]} Bb6 {[%clk 0:07:11]} 9. dxe5
{[%clk 0:06:54]} Nxe5 {[%clk 0:07:13]} 10. Nxe5 {[%clk 0:06:50]} dxe5
{[%clk 0:07:14]} 11. Qxd8+ {[%clk 0:06:51]} Kxd8 {[%clk 0:07:16]} 12. Bg5
{[%clk 0:06:41]} Ke7 {[%clk 0:07:17]} 13. Nd2 {[%clk 0:06:31]} Bb7
{[%clk 0:07:14]} 14. Nf3 {[%clk 0:06:31]} h6 {[%clk 0:07:16]} 15. Bh4
{[%clk 0:06:26]} g5 {[%clk 0:06:59]} 16. Bg3 {[%clk 0:06:27]} Nxe4
{[%clk 0:06:48]} 17. Bxe5 {[%clk 0:06:21]} f6 {[%clk 0:06:37]} 18. Bd4
{[%clk 0:06:22]} Bxd4 {[%clk 0:06:11]} 19. Nxd4 {[%clk 0:06:23]} Nd6
{[%clk 0:05:51]} 20. Bb3 {[%clk 0:06:08]} Rae8 {[%clk 0:05:14]} 21. a4
{[%clk 0:05:49]} c5 {[%clk 0:05:07]} 22. Ne2 {[%clk 0:05:18]} Kd7
{[%clk 0:04:44]} 23. axb5 {[%clk 0:05:18]} Rxe2 {[%clk 0:04:13]} 24. bxa6
{[%clk 0:05:19]} Bc6 {[%clk 0:04:15]} 25. a7 {[%clk 0:05:05]} Rxb2
{[%clk 0:04:05]} 26. Ba4 {[%clk 0:05:07]} Bxa4 {[%clk 0:04:03]} 27. Rxa4
{[%clk 0:05:08]} Ra8 {[%clk 0:04:05]} 28. Rd1 {[%clk 0:04:58]} Kc7
{[%clk 0:04:01]} 29. Ra6 {[%clk 0:04:51]} Nc8 {[%clk 0:02:58]} 30. Rxf6
{[%clk 0:04:47]} Rxa7 {[%clk 0:02:59]} 31. Rxh6 {[%clk 0:04:41]} Raa2
{[%clk 0:02:56]} 32. Rf6 {[%clk 0:04:38]} Rc2 {[%clk 0:02:55]} 33. g3
{[%clk 0:04:33]} g4 {[%clk 0:02:41]} 34. Rf4 {[%clk 0:04:17]} Rxc3
{[%clk 0:02:37]} 35. Rxg4 {[%clk 0:04:18]} Rf3 {[%clk 0:02:38]} 36. Rf1
{[%clk 0:04:12]} Nd6 {[%clk 0:02:21]} 37. h4 {[%clk 0:04:12]} Rf5
{[%clk 0:02:12]} 38. Rg7+ {[%clk 0:03:59]} Kc6 {[%clk 0:02:10]} 39. g4
{[%clk 0:04:01]} Rf4 {[%clk 0:01:56]} 40. h5 {[%clk 0:03:56]} Ne4
{[%clk 0:01:49]} 41. h6 {[%clk 0:02:26]} Nxf2 {[%clk 0:01:44]} 42. Rg6+
{[%clk 0:01:52]} Kd5 {[%clk 0:01:41]} 43. Rg5+ {[%clk 0:01:30]} Ke4
{[%clk 0:01:13]} 44. Re1+ {[%clk 0:01:20]} Kf3 {[%clk 0:01:05]} 45. Rf5
{[%clk 0:01:22]} Nh3+ {[%clk 0:00:59]} 46. Kh1 {[%clk 0:01:24]} Kxg4
{[%clk 0:00:43]} 47. Rxf4+ {[%clk 0:01:23]} Nxf4 {[%clk 0:00:40]} 48. h7
{[%clk 0:01:25]} Ra8 {[%clk 0:00:39]} 49. Rg1+ {[%clk 0:01:27]} Kh3
{[%clk 0:00:38]} 50. Rg8 {[%clk 0:01:10]} Ra1+ {[%clk 0:00:39]} 51. Rg1
{[%clk 0:01:12]} Rxg1+ {[%clk 0:00:37]} 52. Kxg1 Ng6 53. Kf2 {[%clk 0:01:15]} Kg4
{[%clk 0:00:42]} 54. Ke3 {[%clk 0:01:17]} Kf5 {[%clk 0:00:44]} 55. Kd3
{[%clk 0:01:18]} Ke5 {[%clk 0:00:47]} 56. Kc4 {[%clk 0:01:21]} Kd6
{[%clk 0:00:49]} 57. Kc3 {[%clk 0:01:21]} Kd5 {[%clk 0:00:51]} 58. Kd3
{[%clk 0:01:24]} c4+ {[%clk 0:00:54]} 59. Kc3 {[%clk 0:01:26]} Kc5
{[%clk 0:00:56]} 60. Kc2 {[%clk 0:01:28]} Kd4 {[%clk 0:00:59]} 61. Kd2
{[%clk 0:01:31]} c3+ 62. Kc2 Kc4 {[%clk 0:01:03]} 63. Kc1 {[%clk 0:01:35]} Kd3
{[%clk 0:01:06]} 64. Kd1 {[%clk 0:01:38]} c2+ {[%clk 0:01:08]} 65. Kc1
{[%clk 0:01:40]} Nh8 {[%clk 0:01:09]} 0-1

[Event "VI Obert Internacional Alberic"]
[Site "Alberic"]
[Date "2018.06.30"]
[Round "2.5"]
[White "Kovacevic, Slobodan"]
[Black "Garcia Perez, Ramon"]
[Result "1-0"]
[BlackElo "1889"]
[WhiteElo "2292"]
[LiveChessVersion "1.4.8"]

1. d4 {[%clk 0:07:05]} e6 {[%clk 0:07:02]} 2. Nf3 {[%clk 0:07:06]} f5
{[%clk 0:07:03]} 3. Bf4 {[%clk 0:07:07]} Nf6 {[%clk 0:07:04]} 4. e3
{[%clk 0:07:09]} b6 {[%clk 0:07:05]} 5. Nbd2 {[%clk 0:07:09]} Bb7
{[%clk 0:07:06]} 6. Bd3 {[%clk 0:07:10]} Bd6 {[%clk 0:06:41]} 7. c3
{[%clk 0:07:02]} Bxf4 {[%clk 0:06:39]} 8. exf4 {[%clk 0:07:04]} O-O
{[%clk 0:06:32]} 9. Qe2 {[%clk 0:07:05]} Nd5 {[%clk 0:06:31]} 10. g3
{[%clk 0:07:03]} Qe8 {[%clk 0:06:19]} 11. a3 {[%clk 0:06:55]} a5 {[%clk 0:06:11]}
12. O-O {[%clk 0:06:45]} Qg6 {[%clk 0:05:54]} 13. Kh1 {[%clk 0:06:32]} Qh5
{[%clk 0:05:52]} 14. c4 {[%clk 0:06:23]} Nf6 {[%clk 0:05:40]} 15. Kg1
{[%clk 0:06:10]} h6 {[%clk 0:05:27]} 16. Ne5 {[%clk 0:05:21]} Qh3
{[%clk 0:04:49]} 17. f3 {[%clk 0:05:10]} g5 {[%clk 0:04:29]} 18. fxg5
{[%clk 0:04:53]} hxg5 {[%clk 0:04:28]} 19. Bc2 {[%clk 0:04:31]} Kg7
{[%clk 0:04:21]} 20. Rf2 {[%clk 0:04:24]} Nc6 {[%clk 0:04:10]} 21. Qe3
{[%clk 0:04:14]} Qh6 {[%clk 0:03:38]} 22. Re1 {[%clk 0:03:33]} Rae8
{[%clk 0:03:09]} 23. Ba4 {[%clk 0:03:28]} Re7 {[%clk 0:02:42]} 24. Nxc6
{[%clk 0:03:15]} dxc6 {[%clk 0:02:33]} 25. Rfe2 {[%clk 0:03:12]} Nh5
{[%clk 0:01:58]} 26. Qe5+ {[%clk 0:03:09]} Qf6 {[%clk 0:01:40]} 27. c5
{[%clk 0:03:08]} b5 {[%clk 0:01:41]} 28. Bb3 {[%clk 0:03:03]} Rfe8
{[%clk 0:01:18]} 29. a4 {[%clk 0:02:58]} b4 {[%clk 0:01:17]} 30. Bc2
{[%clk 0:02:58]} Ba6 {[%clk 0:01:16]} 31. Re3 {[%clk 0:02:59]} f4
{[%clk 0:01:17]} 32. gxf4 {[%clk 0:02:45]} Nxf4 {[%clk 0:00:46]} 33. Nb3
{[%clk 0:02:42]} Rh8 {[%clk 0:00:32]} 34. Nxa5 {[%clk 0:02:36]} g4
{[%clk 0:00:23]} 35. fxg4 {[%clk 0:02:28]} Nh3+ {[%clk 0:00:25]} 36. Kg2
{[%clk 0:02:19]} Nf4+ {[%clk 0:00:26]} 37. Kh1 {[%clk 0:02:21]} Qxe5
{[%clk 0:00:14]} 38. Rxe5 {[%clk 0:02:18]} Be2 {[%clk 0:00:15]} 39. R1xe2
{[%clk 0:02:17]} Nxe2 {[%clk 0:00:17]} 40. Rxe2 {[%clk 0:02:19]} Rh3
{[%clk 0:00:17]} 41. Nxc6 {[%clk 0:02:20]} Rd7 {[%clk 0:00:16]} 42. Rxe6
{[%clk 0:02:20]} b3 {[%clk 0:00:17]} 43. Bf5 {[%clk 0:02:18]} Rd5
{[%clk 0:00:18]} 44. Kg2 {[%clk 0:02:15]} Rh8 {[%clk 0:00:17]} 45. a5
{[%clk 0:02:16]} Ra8 {[%clk 0:00:18]} 46. Bd3 {[%clk 0:02:16]} Rg5
{[%clk 0:00:16]} 47. Kg3 {[%clk 0:02:18]} 1-0

[Event "VI Obert Internacional Alberic"]
[Site "Alberic"]
[Date "2018.06.30"]
[Round "2.6"]
[White "Cebolla Moll, Ricardo"]
[Black "Galvan, Jesus"]
[Result "1/2-1/2"]
[BlackElo "2183"]
[WhiteElo "1895"]
[LiveChessVersion "1.4.8"]

1. f4 {[%clk 0:07:03]} d5 {[%clk 0:07:03]} 2. Nf3 {[%clk 0:07:05]} Bg4
{[%clk 0:07:04]} 3. e3 {[%clk 0:06:53]} Nd7 {[%clk 0:07:04]} 4. Be2
{[%clk 0:06:46]} c6 {[%clk 0:07:06]} 5. O-O {[%clk 0:06:44]} Bxf3
{[%clk 0:07:07]} 6. Bxf3 {[%clk 0:06:46]} e5 {[%clk 0:07:08]} 7. fxe5
{[%clk 0:06:47]} Nxe5 {[%clk 0:07:10]} 8. b3 {[%clk 0:06:42]} Bd6
{[%clk 0:07:04]} 9. Bb2 {[%clk 0:06:41]} Qc7 {[%clk 0:07:06]} 10. g3
{[%clk 0:06:40]} Nf6 {[%clk 0:07:06]} 11. d4 {[%clk 0:06:35]} Ng6
{[%clk 0:07:04]} 12. Nd2 {[%clk 0:05:50]} O-O {[%clk 0:06:47]} 13. e4
{[%clk 0:05:45]} dxe4 {[%clk 0:06:48]} 14. Nxe4 {[%clk 0:05:47]} Nxe4
{[%clk 0:06:43]} 15. Bxe4 {[%clk 0:05:49]} Rae8 {[%clk 0:06:45]} 16. Bxg6
{[%clk 0:05:36]} hxg6 {[%clk 0:06:47]} 17. Qf3 {[%clk 0:05:35]} Re6
{[%clk 0:06:47]} 18. Rae1 {[%clk 0:05:19]} Rfe8 {[%clk 0:06:49]} 19. Rxe6
{[%clk 0:05:09]} Rxe6 {[%clk 0:06:50]} 20. c4 {[%clk 0:04:59]} Qe7
{[%clk 0:06:45]} 21. Kg2 {[%clk 0:04:26]} Re3 {[%clk 0:06:10]} 22. Qg4
{[%clk 0:04:11]} Re4 {[%clk 0:05:23]} 23. Qc8+ {[%clk 0:04:07]} Kh7
{[%clk 0:05:23]} 24. Qh3+ {[%clk 0:04:07]} Kg8 {[%clk 0:05:25]} 25. Qc8+
{[%clk 0:04:09]} Qe8 {[%clk 0:05:21]} 26. Qxe8+ {[%clk 0:04:02]} Rxe8
{[%clk 0:05:23]} 27. Kf2 {[%clk 0:03:59]} Bb4 {[%clk 0:04:38]} 28. a3
{[%clk 0:03:55]} Bd2 {[%clk 0:04:33]} 29. Rd1 {[%clk 0:03:42]} Be3+
{[%clk 0:04:28]} 30. Kf3 {[%clk 0:03:44]} Bg5 {[%clk 0:04:26]} 31. d5
{[%clk 0:03:15]} Re3+ {[%clk 0:04:27]} 32. Kg4 {[%clk 0:03:14]} Bh6
{[%clk 0:03:06]} 33. d6 {[%clk 0:03:06]} f5+ {[%clk 0:03:08]} 34. Kh3
{[%clk 0:03:07]} Re8 {[%clk 0:02:57]} 35. d7 Rd8 36. Be5 {[%clk 0:02:38]} Kf7
{[%clk 0:02:42]} 37. Bc7 {[%clk 0:02:39]} Ke7 {[%clk 0:02:45]} 38. Bxd8+
{[%clk 0:02:41]} Kxd8 {[%clk 0:02:47]} 39. Kg2 {[%clk 0:02:43]} g5
{[%clk 0:02:45]} 40. Kf3 {[%clk 0:02:40]} g4+ {[%clk 0:02:42]} 41. Ke2
{[%clk 0:02:29]} Bg5 {[%clk 0:02:39]} 42. Rd3 {[%clk 0:02:12]} a5
{[%clk 0:02:24]} 43. a4 {[%clk 0:01:56]} Be7 {[%clk 0:02:20]} 44. Kd2
{[%clk 0:01:46]} g5 {[%clk 0:02:05]} 45. Ke3 {[%clk 0:01:45]} Bc5+
{[%clk 0:02:04]} 46. Ke2 {[%clk 0:01:46]} f4 {[%clk 0:02:06]} 47. h4 gxh3
{[%clk 0:01:43]} 48. gxf4 {[%clk 0:01:31]} g4 {[%clk 0:01:44]} 49. Kf1
{[%clk 0:01:22]} Be7 {[%clk 0:01:36]} 50. Rg3 {[%clk 0:01:05]} Kxd7
{[%clk 0:01:23]} 51. Rxg4 {[%clk 0:01:06]} Ke6 {[%clk 0:01:17]} 52. Rg3
{[%clk 0:00:52]} h2 {[%clk 0:01:04]} 53. Kg2 {[%clk 0:00:54]} Bd6
{[%clk 0:01:07]} 54. Rf3 {[%clk 0:00:40]} Kf5 {[%clk 0:01:09]} 55. Kxh2
{[%clk 0:00:41]} Bxf4+ {[%clk 0:01:01]} 56. Kg2 Ke4 57. Kf2 {[%clk 0:00:38]} b6
{[%clk 0:01:01]} 58. Ke2 {[%clk 0:00:39]} Be5 {[%clk 0:00:42]} 59. Rh3
{[%clk 0:00:35]} Kd4 {[%clk 0:00:42]} 60. Kd2 {[%clk 0:00:36]} Bf4+
{[%clk 0:00:40]} 61. Kc2 {[%clk 0:00:38]} Kc5 {[%clk 0:00:42]} 62. Rh5+
{[%clk 0:00:31]} Kb4 {[%clk 0:00:42]} 63. Rf5 {[%clk 0:00:32]} Be3
{[%clk 0:00:39]} 64. Rf6 {[%clk 0:00:32]} Kc5 {[%clk 0:00:37]} 1/2-1/2

[Event "VI Obert Internacional Alberic"]
[Site "Alberic"]
[Date "2018.06.30"]
[Round "2.7"]
[White "Torres Sanchez, Jose"]
[Black "Domenech Briz, Jose"]
[Result "1-0"]
[BlackElo "1530"]
[WhiteElo "2357"]
[LiveChessVersion "1.4.8"]

1. e4 {[%clk 0:07:03]} c5 {[%clk 0:07:05]} 2. Nf3 {[%clk 0:07:04]} Nc6
{[%clk 0:07:06]} 3. Bb5 {[%clk 0:07:04]} a6 {[%clk 0:07:07]} 4. Bxc6
{[%clk 0:07:04]} dxc6 {[%clk 0:07:08]} 5. h3 {[%clk 0:07:05]} Nf6
{[%clk 0:07:04]} 6. d3 {[%clk 0:06:59]} e6 {[%clk 0:06:54]} 7. O-O
{[%clk 0:06:59]} Bd6 {[%clk 0:06:52]} 8. e5 {[%clk 0:06:59]} Bc7 {[%clk 0:06:52]}
9. exf6 {[%clk 0:06:56]} Qxf6 {[%clk 0:06:53]} 10. Nc3 {[%clk 0:06:55]} O-O
{[%clk 0:06:51]} 11. Ne4 {[%clk 0:06:50]} Qe7 {[%clk 0:06:41]} 12. Be3
{[%clk 0:06:44]} b6 {[%clk 0:06:32]} 13. Re1 {[%clk 0:06:31]} Bb7
{[%clk 0:06:32]} 14. Bd2 {[%clk 0:06:20]} Rad8 {[%clk 0:06:17]} 15. Qe2
{[%clk 0:06:21]} h6 {[%clk 0:06:04]} 16. Bc3 {[%clk 0:06:22]} b5 {[%clk 0:05:11]}
17. Be5 {[%clk 0:06:12]} Bxe5 {[%clk 0:04:45]} 18. Nxe5 {[%clk 0:06:14]} Qc7
{[%clk 0:04:35]} 19. Nxc5 {[%clk 0:05:37]} Bc8 {[%clk 0:03:55]} 20. c3
{[%clk 0:05:34]} Rd5 {[%clk 0:03:51]} 21. d4 {[%clk 0:05:33]} Rfd8
{[%clk 0:03:49]} 22. Rad1 {[%clk 0:05:28]} b4 {[%clk 0:03:49]} 23. Rd3
{[%clk 0:05:28]} Qa5 {[%clk 0:03:14]} 24. Rg3 {[%clk 0:05:20]} f6
{[%clk 0:02:27]} 25. Qg4 {[%clk 0:04:33]} Qc7 {[%clk 0:02:16]} 26. Ne4
{[%clk 0:03:12]} Rf8 {[%clk 0:01:29]} 27. c4 {[%clk 0:02:50]} Rdd8
{[%clk 0:01:12]} 28. Ng6 {[%clk 0:02:36]} Rf7 {[%clk 0:00:44]} 29. Qh4
{[%clk 0:02:22]} Bb7 {[%clk 0:00:32]} 30. c5 {[%clk 0:02:15]} f5 {[%clk 0:00:27]}
31. Nd6 {[%clk 0:02:14]} Rxd6 {[%clk 0:00:24]} 32. cxd6 {[%clk 0:02:13]} Qxd6
{[%clk 0:00:26]} 33. Ne5 {[%clk 0:02:11]} c5 {[%clk 0:00:25]} 34. Nxf7
{[%clk 0:02:08]} Kxf7 {[%clk 0:00:26]} 35. Qh5+ {[%clk 0:02:05]} Kf8
{[%clk 0:00:27]} 36. Qg6 {[%clk 0:02:00]} Qc7 {[%clk 0:00:26]} 37. Rxe6
{[%clk 0:01:58]} a5 {[%clk 0:00:26]} 38. Re8# {[%clk 0:01:58]} 1-0

[Event "VI Obert Internacional Alberic"]
[Site "Alberic"]
[Date "2018.06.30"]
[Round "3.1"]
[White "Plaskett, H James"]
[Black "Kovacevic, Slobodan"]
[Result "1-0"]
[BlackElo "2292"]
[WhiteElo "2455"]
[LiveChessVersion "1.4.8"]

1. d4 {[%clk 0:07:05]} Nf6 {[%clk 0:07:05]} 2. c4 {[%clk 0:07:07]} e6
{[%clk 0:07:07]} 3. Nc3 {[%clk 0:07:08]} c5 {[%clk 0:07:09]} 4. d5
{[%clk 0:07:10]} exd5 {[%clk 0:07:11]} 5. cxd5 {[%clk 0:07:12]} d6
{[%clk 0:07:13]} 6. e4 {[%clk 0:07:14]} g6 {[%clk 0:07:15]} 7. f4
{[%clk 0:07:15]} Bg7 {[%clk 0:07:16]} 8. Bb5+ {[%clk 0:07:17]} Nfd7
{[%clk 0:07:18]} 9. a4 {[%clk 0:07:20]} O-O {[%clk 0:07:11]} 10. Nf3
{[%clk 0:07:20]} a6 {[%clk 0:07:04]} 11. Bd3 {[%clk 0:07:21]} Nf6
{[%clk 0:07:04]} 12. O-O {[%clk 0:07:20]} Bg4 {[%clk 0:07:05]} 13. Bd2
{[%clk 0:07:01]} Re8 {[%clk 0:06:55]} 14. h3 {[%clk 0:06:32]} Bxf3
{[%clk 0:06:56]} 15. Qxf3 {[%clk 0:06:34]} Nbd7 {[%clk 0:06:26]} 16. Kh1
{[%clk 0:06:18]} Rc8 {[%clk 0:06:20]} 17. Rae1 {[%clk 0:05:53]} c4
{[%clk 0:06:13]} 18. Bc2 {[%clk 0:05:51]} Qc7 {[%clk 0:06:13]} 19. Be3
{[%clk 0:05:06]} Rb8 {[%clk 0:06:04]} 20. Ba7 {[%clk 0:04:11]} Ra8
{[%clk 0:05:59]} 21. Bd4 {[%clk 0:04:11]} Nh5 {[%clk 0:05:59]} 22. Bxg7
{[%clk 0:03:25]} Kxg7 {[%clk 0:05:27]} 23. g4 {[%clk 0:02:20]} Nhf6
{[%clk 0:05:29]} 24. Re2 {[%clk 0:02:03]} Rab8 {[%clk 0:05:22]} 25. Rfe1
{[%clk 0:01:58]} b5 26. axb5 {[%clk 0:02:00]} axb5 {[%clk 0:05:22]} 27. Qg3
{[%clk 0:02:00]} b4 {[%clk 0:05:16]} 28. Nd1 {[%clk 0:02:01]} Qc5
{[%clk 0:05:10]} 29. Nf2 {[%clk 0:01:49]} Ra8 {[%clk 0:04:57]} 30. Rd1
{[%clk 0:01:33]} Ra2 {[%clk 0:04:44]} 31. Bb1 {[%clk 0:01:35]} Ra1
{[%clk 0:04:46]} 32. Qf3 {[%clk 0:01:35]} h6 {[%clk 0:04:27]} 33. Kg2
{[%clk 0:01:31]} Qb5 {[%clk 0:04:07]} 34. h4 {[%clk 0:01:21]} Qc5
{[%clk 0:03:59]} 35. Kh3 {[%clk 0:01:13]} Qc8 {[%clk 0:03:48]} 36. Kg2
{[%clk 0:01:13]} Qc5 {[%clk 0:03:42]} 37. Rf1 {[%clk 0:01:04]} Re7
{[%clk 0:03:38]} 38. e5 {[%clk 0:00:52]} dxe5 {[%clk 0:03:31]} 39. g5
{[%clk 0:00:42]} hxg5 {[%clk 0:03:04]} 40. fxg5 {[%clk 0:00:44]} Nh5
{[%clk 0:02:55]} 41. Nh3 {[%clk 0:00:38]} Nb6 {[%clk 0:02:45]} 42. Be4
{[%clk 0:00:30]} Qd4 {[%clk 0:02:40]} 43. Rxa1 {[%clk 0:00:31]} Nc8
{[%clk 0:02:36]} 44. Rf1 {[%clk 0:00:28]} Nd6 {[%clk 0:02:38]} 45. Kh2
{[%clk 0:00:23]} Ra7 {[%clk 0:02:40]} 46. Bb1 {[%clk 0:00:23]} Re7
{[%clk 0:02:40]} 47. Be4 {[%clk 0:00:22]} Ra7 {[%clk 0:02:34]} 48. Rff2
{[%clk 0:00:19]} Ra1 {[%clk 0:02:34]} 49. Bc2 {[%clk 0:00:18]} b3
{[%clk 0:02:24]} 50. Be4 {[%clk 0:00:18]} Ra5 {[%clk 0:02:13]} 51. Bb1
{[%clk 0:00:15]} Ra1 {[%clk 0:01:58]} 52. Be4 {[%clk 0:00:17]} Ra5
{[%clk 0:02:00]} 53. Qe3 {[%clk 0:00:19]} Ra2 {[%clk 0:01:50]} 54. Bg2
{[%clk 0:00:19]} Qxe3 {[%clk 0:01:25]} 55. Rxe3 {[%clk 0:00:21]} f5
{[%clk 0:01:18]} 56. gxf6+ {[%clk 0:00:21]} Nxf6 {[%clk 0:01:21]} 1-0

[Event "VI Obert Internacional Alberic"]
[Site "Alberic"]
[Date "2018.06.30"]
[Round "3.2"]
[White "Nicolas Zapata, Javier"]
[Black "Granero Roca, Antonio"]
[Result "0-1"]
[BlackElo "2390"]
[WhiteElo "2142"]
[LiveChessVersion "1.4.8"]

1. e4 {[%clk 0:07:03]} c6 {[%clk 0:07:04]} 2. Nc3 {[%clk 0:06:57]} d5
{[%clk 0:07:05]} 3. Nf3 {[%clk 0:06:59]} Bg4 {[%clk 0:07:06]} 4. h3
{[%clk 0:07:00]} Bxf3 {[%clk 0:07:07]} 5. Qxf3 {[%clk 0:07:01]} e6
{[%clk 0:07:08]} 6. d3 {[%clk 0:07:02]} Nf6 {[%clk 0:07:08]} 7. Bd2
{[%clk 0:07:03]} Nbd7 {[%clk 0:07:06]} 8. O-O-O {[%clk 0:07:02]} Qb6
{[%clk 0:06:42]} 9. g4 {[%clk 0:06:52]} h6 {[%clk 0:06:38]} 10. Qg3
{[%clk 0:06:24]} dxe4 {[%clk 0:06:34]} 11. dxe4 {[%clk 0:06:21]} Bb4
{[%clk 0:06:18]} 12. e5 {[%clk 0:04:57]} Bxc3 {[%clk 0:05:43]} 13. Bxc3
{[%clk 0:04:56]} Ne4 {[%clk 0:05:42]} 14. Qd3 {[%clk 0:04:57]} Ndc5
{[%clk 0:05:43]} 15. Qe3 {[%clk 0:04:36]} Nxc3 {[%clk 0:05:38]} 16. Qxc3
{[%clk 0:04:29]} O-O {[%clk 0:05:37]} 17. Bd3 {[%clk 0:02:40]} Rad8
{[%clk 0:05:32]} 18. Rhg1 {[%clk 0:02:15]} Nxd3+ {[%clk 0:05:32]} 19. Rxd3
{[%clk 0:02:08]} Qxf2 {[%clk 0:05:24]} 20. Rdg3 {[%clk 0:01:36]} g6
{[%clk 0:04:46]} 21. h4 {[%clk 0:00:57]} Rd5 {[%clk 0:04:43]} 22. g5
{[%clk 0:00:26]} h5 {[%clk 0:04:33]} 23. Re1 {[%clk 0:00:12]} Qf4+
{[%clk 0:04:12]} 24. Kb1 {[%clk 0:00:13]} Rfd8 {[%clk 0:04:14]} 25. a3
{[%clk 0:00:12]} Rd1+ {[%clk 0:03:55]} 26. Ka2 {[%clk 0:00:11]} Rxe1 27. Qxe1
{[%clk 0:00:12]} Qc4+ {[%clk 0:03:50]} 28. Kb1 {[%clk 0:00:10]} Qxh4
{[%clk 0:03:26]} 29. b3 {[%clk 0:00:04]} Rd5 {[%clk 0:03:20]} 30. Kb2
{[%clk 0:00:04]} Qd4+ {[%clk 0:03:15]} 31. Ka2 {[%clk 0:00:05]} Qd2
{[%clk 0:03:16]} 32. Qb1 {[%clk 0:00:04]} Rxe5 {[%clk 0:03:09]} 33. Rd3
{[%clk 0:00:05]} Qxg5 {[%clk 0:03:05]} 34. Rd7 {[%clk 0:00:06]} Rb5
{[%clk 0:02:33]} 35. Qd1 {[%clk 0:00:06]} Rd5 {[%clk 0:02:28]} 36. Qc1
{[%clk 0:00:04]} Qxc1 0-1

[Event "VI Obert Internacional Alberic"]
[Site "Alberic"]
[Date "2018.06.30"]
[Round "3.3"]
[White "Diaz Velandia, Jose Manuel"]
[Black "Cantero Ramon, Eloy"]
[Result "1-0"]
[BlackElo "2129"]
[WhiteElo "2359"]
[LiveChessVersion "1.4.8"]

1. d4 {[%clk 0:07:03]} Nf6 {[%clk 0:07:04]} 2. Nf3 {[%clk 0:07:05]} g6
{[%clk 0:07:04]} 3. e3 {[%clk 0:07:06]} Bg7 {[%clk 0:07:04]} 4. Bd3
{[%clk 0:07:08]} O-O {[%clk 0:07:02]} 5. O-O {[%clk 0:07:08]} d6 {[%clk 0:06:55]}
6. Nbd2 {[%clk 0:07:09]} c6 {[%clk 0:06:53]} 7. c3 {[%clk 0:07:11]} Nbd7
{[%clk 0:06:45]} 8. e4 {[%clk 0:07:13]} e5 {[%clk 0:06:44]} 9. Re1
{[%clk 0:07:15]} Qc7 {[%clk 0:06:03]} 10. Nf1 {[%clk 0:07:17]} c5
{[%clk 0:05:48]} 11. Ng3 {[%clk 0:07:18]} c4 {[%clk 0:05:17]} 12. Bc2
{[%clk 0:07:20]} b5 {[%clk 0:05:14]} 13. h4 {[%clk 0:07:22]} a5 {[%clk 0:05:03]}
14. h5 {[%clk 0:07:23]} b4 {[%clk 0:05:05]} 15. Bg5 {[%clk 0:07:25]} Re8
{[%clk 0:04:45]} 16. Qd2 {[%clk 0:07:27]} Bb7 {[%clk 0:04:25]} 17. cxb4
{[%clk 0:07:25]} axb4 {[%clk 0:04:12]} 18. dxe5 {[%clk 0:07:16]} Nxe5
{[%clk 0:04:01]} 19. Qxb4 {[%clk 0:07:04]} Nd3 {[%clk 0:03:24]} 20. Bxd3
{[%clk 0:07:05]} cxd3 {[%clk 0:03:26]} 21. Qd2 {[%clk 0:07:07]} Nxe4
{[%clk 0:03:19]} 22. Qxd3 {[%clk 0:07:00]} Nxg3 {[%clk 0:03:07]} 23. fxg3
{[%clk 0:07:01]} Bxf3 {[%clk 0:02:59]} 24. Qxf3 {[%clk 0:07:02]} Bxb2
{[%clk 0:02:52]} 25. Rab1 {[%clk 0:06:53]} Bd4+ {[%clk 0:02:42]} 26. Kh2
{[%clk 0:06:53]} Be5 {[%clk 0:02:23]} 27. Re2 {[%clk 0:06:42]} Rab8
{[%clk 0:02:21]} 28. Rc1 {[%clk 0:06:27]} Qd7 {[%clk 0:02:12]} 29. Rce1
{[%clk 0:06:18]} f6 {[%clk 0:02:09]} 30. Qd5+ {[%clk 0:06:11]} Qf7
{[%clk 0:02:07]} 31. Qxf7+ {[%clk 0:06:07]} Kxf7 {[%clk 0:02:09]} 32. Bf4
{[%clk 0:06:02]} g5 {[%clk 0:01:59]} 33. Bxe5 {[%clk 0:05:58]} dxe5
{[%clk 0:02:01]} 34. Rc2 {[%clk 0:05:53]} Rb6 {[%clk 0:01:54]} 35. g4
{[%clk 0:05:40]} Re7 {[%clk 0:01:53]} 36. Rc4 {[%clk 0:05:32]} Ra7
{[%clk 0:01:40]} 37. a4 {[%clk 0:05:33]} Ke6 {[%clk 0:01:33]} 38. Ra1
{[%clk 0:05:12]} Rba6 {[%clk 0:01:17]} 39. Rb4 {[%clk 0:05:06]} Rd6
{[%clk 0:01:13]} 40. a5 {[%clk 0:04:51]} Rd4 {[%clk 0:01:04]} 41. Rb6+
{[%clk 0:04:20]} Rd6 {[%clk 0:01:06]} 42. Rxd6+ {[%clk 0:03:39]} Kxd6
{[%clk 0:01:08]} 43. Kg3 {[%clk 0:03:42]} Ra6 {[%clk 0:01:03]} 44. Kf3
{[%clk 0:03:39]} Ke6 {[%clk 0:01:03]} 45. Ke4 {[%clk 0:03:41]} h6
{[%clk 0:00:58]} 46. g3 {[%clk 0:03:43]} Rd6 {[%clk 0:00:46]} 47. a6
{[%clk 0:03:45]} Rd4+ {[%clk 0:00:36]} 48. Ke3 {[%clk 0:03:47]} Rd8
{[%clk 0:00:29]} 49. a7 {[%clk 0:03:49]} Ra8 {[%clk 0:00:31]} 50. Ke4
{[%clk 0:03:52]} Kd6 {[%clk 0:00:20]} 51. Kf5 {[%clk 0:03:53]} Kc5
{[%clk 0:00:19]} 52. Kxf6 {[%clk 0:03:29]} e4 {[%clk 0:00:20]} 53. Kg6
{[%clk 0:03:31]} e3 {[%clk 0:00:20]} 54. Kxh6 {[%clk 0:03:31]} Kd4
{[%clk 0:00:15]} 55. Kxg5 {[%clk 0:03:31]} e2 {[%clk 0:00:17]} 56. h6
{[%clk 0:03:20]} Rxa7 {[%clk 0:00:18]} 57. Rh1 {[%clk 0:03:22]} Re7
{[%clk 0:00:13]} 58. Re1 {[%clk 0:03:20]} Kd3 {[%clk 0:00:10]} 59. Kf6
{[%clk 0:03:22]} Ra7 {[%clk 0:00:07]} 60. g5 {[%clk 0:03:23]} Kd2
{[%clk 0:00:09]} 61. Rxe2+ {[%clk 0:03:24]} Kxe2 {[%clk 0:00:11]} 62. g6
{[%clk 0:03:24]} Kf3 {[%clk 0:00:12]} 63. h7 {[%clk 0:03:21]} Ra6+
{[%clk 0:00:11]} 64. Kg5 {[%clk 0:03:23]} Ra5+ {[%clk 0:00:07]} 65. Kh6
{[%clk 0:03:24]} 1-0